HAND BOOK OF LOCAL ANESTHESIA (Record no. 31133)

MARC details
000 -LEADER
fixed length control field 00359nam a22001577a 4500
003 - CONTROL NUMBER IDENTIFIER
control field SGT
020 ## - INTERNATIONAL STANDARD BOOK NUMBER
International Standard Book Number 9788131257142
082 ## - DEWEY DECIMAL CLASSIFICATION NUMBER
Classification number 617.96
Item number H22M
100 ## - MAIN ENTRY--PERSONAL NAME
Personal name MAMAMED, STANLEY F.
245 ## - TITLE STATEMENT
Title HAND BOOK OF LOCAL ANESTHESIA
250 ## - EDITION STATEMENT
Edition statement 7TH S.A.
260 ## - PUBLICATION, DISTRIBUTION, ETC. (IMPRINT)
Place of publication, distribution, etc INDIA
Name of publisher, distributor, etc ELSEVIER PUB
Year of Publication 2022
300 ## - PAGE DESCRIPTION
No. of Pages 445
650 ## - SUBJECT ADDED ENTRY--TOPICAL TERM
Topical term or geographic name as entry element ANESTHESIOLOGY
942 ## - ADDED ENTRY ELEMENTS (KOHA)
Source of classification or shelving scheme Dewey Decimal Classification
Koha item type Books
Holdings
Withdrawn status Lost status Source of classification or shelving scheme Damaged status Not for loan Collection code Home library Current library Shelving location Date acquired Vendor Name Cost, normal purchase price SGTU Bill Number Total Checkouts Full call number Accession No. (Barcode) Date last seen Bill Date Koha item type
    Dewey Decimal Classification   Not For Loan MEDICAL SGT Medical Library SGT Medical Library Reference Book 24/03/2025 ABC DELHI 1865.00 SGTU 20805   617.96 H22M FM15384 16/05/2025 24/03/2025 Books
    Dewey Decimal Classification   Not For Loan MEDICAL SGT Medical Library SGT Medical Library Reference Book 24/03/2025 ABC DELHI 1865.00 SGTU 20805   617.96 H22M FM15385 16/05/2025 24/03/2025 Books